Vald - DIEU MERCI - Statistiques

Statistiques générales
  • Ce quiz a été pris 69 fois
  • Le résultat moyen est 258 sur 500
Statistiques - réponses
Réponse % Correct
A
96%
à
96%
a
96%
Dieu
96%
je
96%
Je
96%
me
96%
dis
90%
si
87%
Si
87%
Avant
85%
avant
85%
le
85%
les
85%
tout
85%
frites
83%
Même
83%
même
83%
sont
81%
de
79%
Dieu merci
79%
la
75%
La
75%
75%
ma
75%
mouillées
75%
en
73%
que
73%
au
71%
Au
71%
des
71%
J'ai
71%
j'ai
71%
pas
71%
ça
67%
pu
67%
ce
65%
Ce
65%
d'manger
65%
du
63%
63%
qu'a
63%
quelle
63%
qu'elle
63%
Quelle
63%
un
63%
vie
63%
amis
62%
et
62%
Et
62%
part
62%
enfant
60%
ne
60%
60%
parti
60%
peut
60%
plus
60%
Quand
60%
comme
58%
foi
58%
fois
58%
J'aurai
58%
mais
58%
Mais
58%
aurait
56%
cancer
56%
ennemis
56%
est
56%
être
56%
j'me
56%
J'me
56%
Maman
56%
ou
56%
qui
56%
sur
56%
vite
56%
chaque
54%
dans
54%
Elle
54%
mes
54%
pour
54%
Putain
54%
soit
54%
soldat
54%
aussi
52%
celle-ci
52%
ces
52%
partie
52%
qu'j'ai
52%
c'est
50%
comment
50%
il
50%
remercie
50%
tiré
50%
inconsolable
48%
J'aurais
48%
j'aurais
48%
longtemps
48%
mal
48%
mon
48%
souffrir
48%
suis
48%
tu
48%
Tu
48%
Après
46%
bien
46%
bras
46%
demande
46%
deux
46%
j'dis
46%
mec
46%
qu'il
46%
toi
46%
chômage
44%
d'la
44%
existe
44%
une
44%
crois
42%
j'espère
42%
J'le
42%
J'suis
42%
j'suis
42%
optimiste
42%
eu
40%
ingrat
40%
rêve
40%
sais
40%
sale
40%
tellement
40%
Aucun
38%
aucun
38%
cet
38%
chose
38%
disque
38%
handicapé
38%
heureux
38%
merde
38%
messages
38%
Moi
38%
ressemble
38%
réveille
38%
taffer
38%
toujours
38%
belle
37%
bleu
37%
branche
37%
Finalement
37%
ils
37%
Ils
37%
j'étais
37%
laisse
37%
l'avortement
37%
l'prochain
37%
scène
37%
web
37%
y
37%
bon
35%
déprimer
35%
d'être
35%
jouets
35%
kamikaze
35%
parents
35%
pourquoi
35%
vente
35%
vois
35%
accident
33%
j'peux
33%
J'peux
33%
juste
33%
math
33%
motif
33%
mourir
33%
pneumonies
33%
prof'
33%
puis
33%
qu'je
33%
Ton
33%
toxico
33%
yeux
33%
2024
31%
abandonnèrent
31%
atterissage
31%
banlieusard
31%
déja
31%
esquivé
31%
goulag
31%
l'devant
31%
qu'ils
31%
santé
31%
sûre
31%
VVS
31%
bavure
29%
cav'
29%
consommer
29%
était
29%
haine
29%
j'sais
29%
manque
29%
monde
29%
m'ont
29%
pire
29%
qu'j'me
29%
rien
29%
saignent
29%
ses
29%
sous
29%
trop
29%
vieux
29%
chance
27%
côté
27%
cruel
27%
entreprise
27%
j'devenais
27%
j'vois
27%
passer
27%
sait
27%
SDF
27%
surréaliste
27%
tant
27%
Tant
27%
verts
27%
Aulnay Sud
25%
cette
25%
d'ça
25%
équipe
25%
étaient
25%
étant
25%
j'faisais
25%
j'rejoins
25%
l'eau
25%
lieu
25%
maintenant
25%
m'arriver
25%
mort
25%
qu'c'est
25%
Suffit
25%
banc
23%
Change
23%
c'monde
23%
d'appeler
23%
délire
23%
d'jà
23%
encore en vie
23%
faire
23%
Hey
23%
libre
23%
m'atteindre
23%
mieux
23%
remercier
23%
sentir
23%
taire
23%
amygdales
21%
Cadre
21%
déni
21%
enchaîné
21%
jamais
21%
protégé
21%
qu'on
21%
réaliste
21%
té-mon,
21%
terres
21%
T'sais
21%
d'blessures
19%
drama
19%
eux
19%
peux
19%
Sativa
19%
censés
17%
chie
17%
d'fois
17%
disent
17%
fumée
17%
Nuage
17%
potable
17%
qu'une
17%
thérapie
17%
vision
17%
chier
15%
combien
15%
t'fait
15%
aux
13%
ère
13%
J'parle
13%
J'rappelle
13%
liste
13%
Nouveau-né
13%
accepter
12%
d'gantelets
12%
Qu'est-ce
12%
raturé
12%
oiseaux
10%
dois
2%
anvant
0%
Aucun quiz correspondant
Distribution des résultats
% des personnes avec chaque résultat
Percentile par nombre de réponses
Votre historique - résultats
Vous n’avez pas pris ce quiz